| 000 | 01216cam a2200313 a 4500 | ||
|---|---|---|---|
| 001 | 10669 | ||
| 003 | BD-RjUL | ||
| 005 | 20211208235008.0 | ||
| 008 | 140125r19961995enkab b 101 0 eng | ||
| 020 | _a0471955310 | ||
| 035 | _a(BD-RjUL) 10717 | ||
| 040 |
_aDLC _cDLC _dDLC _dBD-RjUL _beng |
||
| 041 | _aeng | ||
| 082 | 0 | 0 |
_a551.483 _223 _bRIV 1996 |
| 245 | 0 | 0 |
_aRiver geomorphology / _cedited by Edward J. Hickin. |
| 260 |
_aNew York : _bWiley, _cc1995 [reprinted 1996]. |
||
| 300 |
_axii, 255 p. : _bill., maps ; _c25 cm. |
||
| 490 | 1 |
_aPublication / International Association of Geomorphologists ; _vno. 2 |
|
| 500 | _aPapers from the Third International Geomorphology Conference held at McMaster University, Hamilton, Ontario, in Aug. 1993. | ||
| 504 | _aIncludes bibliographical references and index. | ||
| 650 | 0 |
_aRivers _xCongresses. _932991 |
|
| 650 | 0 |
_aGeomorphology _xCongresses. _932992 |
|
| 700 | 1 |
_aHickin, Edward J. _932994 |
|
| 711 | 2 |
_aInternational Conference on Geomorphology _n(3rd : _dMcMaster University : _c1993) _932995 |
|
| 830 | 0 |
_vno. 2. _9158148 |
|
| 830 | 0 |
_aPublication (International Association of Geomorphologists) ; _9158147 |
|
| 942 |
_2ddc _cBK |
||
| 999 |
_c10669 _d10669 |
||